I know a wee piggy
Gardado en:
| Autor Principal: | |
|---|---|
| Formato: | Libro |
| Idioma: | Undetermined |
| Publicado: |
New York
Dial Books for Young Readers
2012
|
| Những chủ đề: | |
| Các nhãn: |
Engadir etiqueta
Sen Etiquetas, Sexa o primeiro en etiquetar este rexistro!
|
| Thư viện lưu trữ: | Trung tâm Học liệu Trường Đại học Cần Thơ |
|---|
| LEADER | 00514nam a2200181Ia 4500 | ||
|---|---|---|---|
| 001 | CTU_237627 | ||
| 008 | 210402s9999 xx 000 0 und d | ||
| 082 | |a 813.6 | ||
| 082 | |b N842 | ||
| 100 | |a Norman, Kim | ||
| 245 | 0 | |a I know a wee piggy | |
| 245 | 0 | |c Kim Norman ; pictures by Henry Cole | |
| 260 | |a New York | ||
| 260 | |b Dial Books for Young Readers | ||
| 260 | |c 2012 | ||
| 650 | |a Truyện đồng dao,Stories in rhyme | ||
| 910 | |b nthai | ||
| 980 | |a Trung tâm Học liệu Trường Đại học Cần Thơ | ||